Gel-structure of the hydrous emulsifying ointment (Record no. 45587)

MARC details
000 -LEADER
fixed length control field 00369nam a2200145Ia 4500
100 ## - MAIN ENTRY--AUTHOR NAME
Personal name Gstirner F
245 #0 - TITLE STATEMENT
Title Gel-structure of the hydrous emulsifying ointment
260 ## - PUBLICATION, DISTRIBUTION, ETC. (IMPRINT)
Name of publisher Archiv der Pharmazie
Year of publication 1969
300 ## - PHYSICAL DESCRIPTION
Number of Pages 340-353
650 ## - SUBJECT ADDED ENTRY--TOPICAL TERM
Topical Term Gel-structure
700 ## - ADDED ENTRY--PERSONAL NAME
Personal name Kottenberg D
700 ## - ADDED ENTRY--PERSONAL NAME
Personal name Maas A
942 ## - ADDED ENTRY ELEMENTS (KOHA)
Koha item type Reprints
Holdings
Withdrawn status Lost status Damaged status Not for loan Home library Current library Shelving location Date acquired Serial Enumeration / chronology Accession Number Koha item type
      Reprints RRII Library RRII Library Rubber technology 22/12/2021 Volume 302, Issue P01140 Reprints